<?xml version="1.0" encoding="UTF-8"?>
<record
    xmlns:xsi="http://www.w3.org/2001/XMLSchema-instance"
    xsi:schemaLocation="http://www.loc.gov/MARC21/slim http://www.loc.gov/standards/marcxml/schema/MARC21slim.xsd"
    xmlns="http://www.loc.gov/MARC21/slim">

  <leader>03191nam a2200421Ia 4500</leader>
  <controlfield tag="001">dia_4491</controlfield>
  <controlfield tag="003">CHAP</controlfield>
  <controlfield tag="005">20251023165336.0</controlfield>
  <controlfield tag="008">220117s2007    xx            000 0 und d</controlfield>
  <datafield tag="010" ind1=" " ind2=" ">
    <subfield code="a">175152</subfield>
  </datafield>
  <datafield tag="020" ind1=" " ind2=" ">
    <subfield code="a">978-1-84593-204-6</subfield>
  </datafield>
  <datafield tag="040" ind1=" " ind2=" ">
    <subfield code="c">CHAP</subfield>
  </datafield>
  <datafield tag="082" ind1=" " ind2=" ">
    <subfield code="a">306.4 M43 2007</subfield>
  </datafield>
  <datafield tag="245" ind1=" " ind2=" ">
    <subfield code="a">The media, the public and agricultural biotechnology  /</subfield>
    <subfield code="c"> edici&#xF3;n Dominique Brossard, James Shanahan y T. Clint Nesbitt</subfield>
  </datafield>
  <datafield tag="260" ind1=" " ind2=" ">
    <subfield code="a">United Kingdom  :</subfield>
    <subfield code="b"> CABI,</subfield>
    <subfield code="c">2007</subfield>
  </datafield>
  <datafield tag="300" ind1=" " ind2=" ">
    <subfield code="a">xxiv, 405 p.</subfield>
  </datafield>
  <datafield tag="503" ind1=" " ind2=" ">
    <subfield code="a">I.247934</subfield>
  </datafield>
  <datafield tag="504" ind1=" " ind2=" ">
    <subfield code="a">Incluye bibliograf&#xED;as</subfield>
  </datafield>
  <datafield tag="505" ind1=" " ind2=" ">
    <subfield code="a">Perspectives on communication about agricultural biotechnology / D. Brossard and J. Shanahan -- Public perceptions of agricultural biotechnology in the UK : the case of GM foods / W. Poortinga and N. Pidgeon -- German reactions to genetic engineering in food production / H. P. Peters and M. Sawicka -- Mass media and public perceptions of red and green biotechnology : a case from Switzerland / H. Bonfadelli, U. Dahinden and M. Leonarz -- Genetically modified foods : U.S. public opinion research polls / W. Fink and M. Rodemeyer -- Biotechnology and consumer information / J. Kolodinsky -- What do Brazilians think about transgenics? / L. Massarani and I. de Castro Moreira -- Where do science debates come from? : understanding attention cycles and framing / M. C. Nishet and M. Huge -- Opinion climates, spirals of silence, and biotechnology : public opinion as a heuristic for scientific decision-making / D. A. Scheufele -- The hostile media effect and opinions about biotechnology / A. C. Gunther and J. L. Liebhart -- Risk communication, risk beliefs, and democracy : the case of agricultural biotechnology / S. Dunwoody and R. J. Griffin -- The GEO-PIE project : case study of Web-based outreach at Cornell University, USA / T. C. Nesbitt -- Governing controversial technologies : consensus conferences as a communication tool / J. Medlock, R. Downey, and E. Einsiedel -- The Bt maize experience in the Philippines : a multi-stakeholder convergence / M. J. Navarro... [et al.] -- Food aid crisis and communication about GM foods : experience from Southern Africa / L. E. Mumba -- Approval process and adoption of Bollgard cotton in India : a private company perspective / R. Barwale ...[et al.].</subfield>
  </datafield>
  <datafield tag="590" ind1=" " ind2=" ">
    <subfield code="a">TP248.23 M43 2007</subfield>
  </datafield>
  <datafield tag="650" ind1=" " ind2=" ">
    <subfield code="a">Alimentos modificados geneticamente</subfield>
    <subfield code="x">Opini&#xF3;n p&#xFA;blica  </subfield>
    <subfield code="9">156021</subfield>
  </datafield>
  <datafield tag="650" ind1=" " ind2=" ">
    <subfield code="a">Biotechnology</subfield>
    <subfield code="x">Public opinion  </subfield>
    <subfield code="9">156022</subfield>
  </datafield>
  <datafield tag="650" ind1=" " ind2=" ">
    <subfield code="a">Biotecnolog&#xED;a</subfield>
    <subfield code="x">Opini&#xF3;n p&#xFA;blica  </subfield>
    <subfield code="9">156023</subfield>
  </datafield>
  <datafield tag="650" ind1=" " ind2=" ">
    <subfield code="a">Communication</subfield>
    <subfield code="9">156024</subfield>
  </datafield>
  <datafield tag="650" ind1=" " ind2=" ">
    <subfield code="a">Comunicaci&#xF3;n  </subfield>
    <subfield code="9">26206</subfield>
  </datafield>
  <datafield tag="650" ind1=" " ind2=" ">
    <subfield code="a">Genetic engineering</subfield>
    <subfield code="x">Public opinion  </subfield>
    <subfield code="9">156025</subfield>
  </datafield>
  <datafield tag="650" ind1=" " ind2=" ">
    <subfield code="a">Genetically modified foods</subfield>
    <subfield code="x">Public opinion  </subfield>
    <subfield code="9">156026</subfield>
  </datafield>
  <datafield tag="650" ind1=" " ind2=" ">
    <subfield code="a">Ingenier&#xED;a gen&#xE9;tica</subfield>
    <subfield code="x">Opini&#xF3;n p&#xFA;blica  </subfield>
    <subfield code="9">156027</subfield>
  </datafield>
  <datafield tag="650" ind1=" " ind2=" ">
    <subfield code="a">Mass media  </subfield>
    <subfield code="9">156028</subfield>
  </datafield>
  <datafield tag="650" ind1=" " ind2=" ">
    <subfield code="a">Medios de comunicaci&#xF3;n de masas  </subfield>
    <subfield code="9">156029</subfield>
  </datafield>
  <datafield tag="700" ind1=" " ind2=" ">
    <subfield code="a">Brossard, Dominique, coord. </subfield>
    <subfield code="9">156030</subfield>
  </datafield>
  <datafield tag="700" ind1=" " ind2=" ">
    <subfield code="a">Nesbitt, T. Clint, coord.</subfield>
    <subfield code="9">156031</subfield>
  </datafield>
  <datafield tag="700" ind1=" " ind2=" ">
    <subfield code="a">Shanahan, James, coord. </subfield>
    <subfield code="9">156032</subfield>
  </datafield>
  <datafield tag="901" ind1=" " ind2=" ">
    <subfield code="a">306.4 M43 2007</subfield>
  </datafield>
  <datafield tag="902" ind1=" " ind2=" ">
    <subfield code="a">M</subfield>
  </datafield>
  <datafield tag="905" ind1=" " ind2=" ">
    <subfield code="a">5232272007                          uikdimn8232223322ENG16</subfield>
  </datafield>
  <datafield tag="942" ind1=" " ind2=" ">
    <subfield code="c">LIBRO</subfield>
    <subfield code="2">ddc</subfield>
  </datafield>
  <datafield tag="999" ind1=" " ind2=" ">
    <subfield code="c">175152</subfield>
    <subfield code="d">175152</subfield>
  </datafield>
  <datafield tag="952" ind1=" " ind2=" ">
    <subfield code="0">0</subfield>
    <subfield code="1">0</subfield>
    <subfield code="2">ddc</subfield>
    <subfield code="4">0</subfield>
    <subfield code="7">0</subfield>
    <subfield code="8">GRAL</subfield>
    <subfield code="a">IA_</subfield>
    <subfield code="b">IA_</subfield>
    <subfield code="c">1</subfield>
    <subfield code="d">2022-01-18</subfield>
    <subfield code="f">1</subfield>
    <subfield code="l">0</subfield>
    <subfield code="p">dia_006243</subfield>
    <subfield code="r">2022-01-18 00:00:00</subfield>
    <subfield code="t">1</subfield>
    <subfield code="w">2022-01-18</subfield>
    <subfield code="y">LIBRO</subfield>
  </datafield>
</record>
